A critical introduction to twentieth-century American drama /

Bibliographic Details
Main Author: Bigsby, C. W. E.
Format: Book
Language:English
Published: Cambridge [Cambridgeshire] ; New York : Cambridge University Press, 1982-
Subjects:

MARC

Tag First Indicator Second Indicator Subfields
LEADER 00000cam a2200000 a 4500
001 in00000471421
005 20151012171449.0
008 811104m19829999enka b 00110 eng
010 |a  81018000  
019 |a 10421389 
020 |a 0521242274 (v. 1) 
020 |a 0521271169 (pbk. : v. 1) 
035 |a (OCoLC)07978088 
035 |9 ACA0710AM 
039 0 |a 2  |b 3  |c 3  |d 3  |e 3 
040 |a DLC  |c DLC  |d TXA  |d UtOrBLW 
043 |a n-us--- 
049 |a TXAM  |v 1 [986804]  |v 2 [A08326449]  |v 3 [A09536209] 
050 0 0 |a PS351  |b .B483 1982 
082 0 |a 812/.52/09  |2 19 
100 1 |a Bigsby, C. W. E. 
245 1 2 |a A critical introduction to twentieth-century American drama /  |c C.W.E. Bigsby. 
264 1 |a Cambridge [Cambridgeshire] ;  |a New York :  |b Cambridge University Press,  |c 1982- 
300 |a volumes :  |b illustrations ;  |c 24 cm. 
336 |a text  |b txt  |2 rdacontent 
337 |a unmediated  |b n  |2 rdamedia 
338 |a volume  |b nc  |2 rdacarrier 
504 |a Includes bibliographies and indexes. 
650 0 |a American drama  |y 20th century  |x History and criticism. 
650 0 |a Theater  |z United States  |x History  |y 20th century. 
999 |a MARS 
999 f f |s 993ea805-4878-3006-a991-a93ddaf7add6  |i 0e0a6a93-966d-39c0-9820-5fffcfa13f86  |t 0 
952 f f |p ric  |a Texas A&M University  |b Rellis Campus  |c Joint Library Facility  |d Remote Storage  |t 0  |e PS351 .B483 1982  |h Library of Congress classification  |i unmediated -- volume  |k v.1  |m A14806475959 
952 f f |p ric  |a Texas A&M University  |b Rellis Campus  |c Joint Library Facility  |d Remote Storage  |t 0  |e PS351 .B483 1982  |h Library of Congress classification  |i unmediated -- volume  |k v.2  |m A14808326449 
952 f f |p ric  |a Texas A&M University  |b Rellis Campus  |c Joint Library Facility  |d Remote Storage  |t 0  |e PS351 .B483 1982  |h Library of Congress classification  |i unmediated -- volume  |k v.3  |m A14809536209 
998 f f |a PS351 .B483 1982  |s v.1-v.3  |t 0  |l Remote Storage